书目信息 |
| 题名: |
人怎样战胜传染病
|
|
| 作者: | ;中国医学科学院基础医学组 , 中国医学科学院首都医院 编 | |
| 分册: | ||
| 出版信息: | 北京 人民出版社 1972 |
|
| 页数: | 50页 | |
| 开本: | 20cm | |
| 丛书名: | 自然科学小丛书 | |
| 单 册: | ||
| 中图分类: | R18 | |
| 科图分类: | ||
| 主题词: | 流行病学 , 防疫 | |
| 电子资源: | ||
| ISBN: | ||
| 000 | 00901nam0 2200253 450 | |
| 001 | 0641197135 | |
| 005 | 20060629171541.62 | |
| 010 | @dCNY0.14 | |
| 100 | @a20060602d1972 km y0chiy0120 ea | |
| 101 | 0 | @achi |
| 102 | @aCN@b110000 | |
| 102 | @aCN@b110000 | |
| 200 | 1 | @a人怎样战胜传染病@Aren zen yang zhan sheng chuan ran bing@f中国医学科学院基础医学组,中国医学科学院首都医院编@Fzhong guo yi xue ke xue yuan ji chu yi xue zu,zhong guo yi xue ke xue yuan shou du yi yuan bian |
| 210 | @a北京@c人民出版社@d1972 | |
| 215 | @a50页@d20cm | |
| 225 | @a自然科学小丛书 | |
| 410 | 0 | @12001 @a自然科学小丛书 |
| 606 | 0 | @a流行病学 |
| 606 | 0 | @a防疫 |
| 690 | @aR18@v3 | |
| 711 | 0 | @a中国医学科学院基础医学组@Azhong guo yi xue ke xue yuan ji chu yi xue zu@4编 |
| 711 | 0 | @a中国医学科学院首都医院@Azhong guo yi xue ke xue yuan shou du yi yuan@4编 |
| 801 | 0 | @aCN@bPFT@c20060629 |
| 905 | @a10447@dR18@e82 | |
| 人怎样战胜传染病/中国医学科学院基础医学组,中国医学科学院首都医院编.-北京:人民出版社,1972 |
| 50页;20cm.-(自然科学小丛书) |
| ISBN :CNY0.14 |
| ● |
| 相关链接 |
|
|
|
|
正题名:人怎样战胜传染病
索取号:R18/82
 
预约/预借
| 序号 | 登录号 | 条形码 | 馆藏地/架位号 | 状态 | 备注 |
| 1 | 0016462 | 001674717 | 密集书库/ [索取号:R18/82] | 在馆 | |
| 2 | 0421479 | 204214796 | 密集书库/ [索取号:R18/82] | 在馆 | |
| 3 | 0421857 | 204218578 | 密集书库/ [索取号:R18/82] | 在馆 |